ბათუმის შოთა რუსთაველის სახელმწიფო უნივერსიტეტის ბიბლიოთეკა

The Theory of English Grammar(For Undergraduate Students)=ინგლისური ენის თეორიული გრამატიკის კურსი. (ბიბ.ჩანაწერი № 43952)

000 -LEADER
fixed length control field 00860nam a2200229Ia 4500
001 - CONTROL NUMBER
control field 10701
003 - CONTROL NUMBER IDENTIFIER
control field GE_BSU
008 - FIXED-LENGTH DATA ELEMENTS--GENERAL INFORMATION
fixed length control field 181216s||||||||xx |||||||||||||| ||und||
040 ## - CATALOGING SOURCE
Transcribing agency GE_BSU
080 ## - UNIVERSAL DECIMAL CLASSIFICATION NUMBER
Universal Decimal Classification number 811.111(075.8)
100 ## - MAIN ENTRY--PERSONAL NAME
Personal name Megrelishvili, Maddona.
245 #4 - TITLE STATEMENT
Title The Theory of English Grammar(For Undergraduate Students)=ინგლისური ენის თეორიული გრამატიკის კურსი.
245 ## - TITLE STATEMENT
Statement of responsibility, etc. Editor: Tamaz Gamkrelidze.
260 ## - PUBLICATION, DISTRIBUTION, ETC.
Place of publication, distribution, etc. Kutaisi.
260 ## - PUBLICATION, DISTRIBUTION, ETC.
Name of publisher, distributor, etc. University Press.
260 ## - PUBLICATION, DISTRIBUTION, ETC.
Date of publication, distribution, etc. 2009.
300 ## - PHYSICAL DESCRIPTION
Extent 143p;20cm.
653 ## - INDEX TERM--UNCONTROLLED
Uncontrolled term The Theory of English Grammar(For Undergraduate Students)=ინგლისური ენის თეორიული გრამატიკის კურსი.
653 ## - INDEX TERM--UNCONTROLLED
Uncontrolled term ინგლისური ენა
942 ## - ADDED ENTRY ELEMENTS (KOHA)
Koha item type წიგნი
ეგზემპლარები
Withdrawn status Lost status Damaged status Not for loan Date acquired Barcode Date last seen Price effective from Koha item type
        2018-12-17 34385 2018-12-17 2018-12-17 წიგნი
        2018-12-17 34787 2018-12-17 2018-12-17 წიგნი
        2018-12-17 34925 2018-12-17 2018-12-17 წიგნი
        2018-12-17 34926 2018-12-17 2018-12-17 წიგნი
        2018-12-17 34927 2018-12-17 2018-12-17 წიგნი
        2018-12-17 34928 2018-12-17 2018-12-17 წიგნი
        2018-12-17 34929 2018-12-17 2018-12-17 წიგნი
        2018-12-17 34930 2018-12-17 2018-12-17 წიგნი
        2018-12-17 34931 2018-12-17 2018-12-17 წიგნი